Gaming Quiz

Random Gaming or Video Games Quiz

Mixed Word: NES Games Quiz Stats

Quiz Updated Oct 1, 2017

Challenge
Share
Tweet
Embed
Score 0/20 Timer 06:00
1 Play Today
Hint Answer % Correct
KUDC TUHNDuck Hunt
89.1%
GAME NAMMega Man
83.2%
HET ENDLEG FO DAZLEThe Legend of Zelda
81.9%
PURSE IROAM SORBSuper Mario Bros.
77.7%
BEBULB LOBEBBBubble Bobble
75.7%
FLANI NASTYFAFinal Fantasy
66.8%
KEIM STYNOS HNPUC-OTUMike Tyson's Punch-Out!!
64.4%
IDK ASURICKid Icarus
62.9%
SITTERTetris
59.5%
DARTVENUE INLADSAdventure Island
54%
Hint Answer % Correct
CITEEXEKBIExcitebike
53%
EDTIMORMetroid
45.2%
ATCORNContra
44.7%
VITALASACNECastlevania
43.8%
SKYRIB NUTEVADERKirby's Adventure
34.8%
CAIMAN AMNIONSManiac Mansion
34.3%
ICRYSALTSCrystalis
30%
LETSBAR TAMERSBlaster Master
21.2%
ARI REFROSTSAir Fortress
19.1%
VORNAKKarnov
16.3%

You're not logged in!

Compare scores with friends on all Sporcle quizzes.
Join for Free
OR
Log In

You Might Also Like...

Show Comments

Extras

Top Quizzes Today


Score Distribution

Your Account Isn't Verified!

In order to create a playlist on Sporcle, you need to verify the email address you used during registration. Go to your Sporcle Settings to finish the process.

Report this User

Report this user for behavior that violates our Community Guidelines.

Details: